Proyecto de migración de un sistema de software para partes de repuesto de maquinaria y consumibles en la industria fotográfica /

Spremljeno u:
Bibliografski detalji
Glavni autor: Muñoz Centeno, Edgardo (autor)
Daljnji autori: Partida Fonseca, José Angel (autor) (autor)
Format: Disertacija Knjiga
Jezik:španjolski
Teme:
Oznake: Dodaj oznaku
Bez oznaka, Budi prvi tko označuje ovaj zapis!

MARC

LEADER 00000nam^a2200000^a^4500
001 000114163
005 20250521000000.0
009 20260310094010.779
037 |a Acervo ITESO - Biblioteca 
041 |a ESP 
090 |a IIN. 388 
100 |a Muñoz Centeno, Edgardo  |e (autor) 
245 1 0 |a Proyecto de migración de un sistema de software para partes de repuesto de maquinaria y consumibles en la industria fotográfica /  |c E. Muñoz Centeno, J.A. Partida Fonseca. 
264 |a Guadalajara, México :  |b edición de autor,  |c 2001 
300 |a 138 p. 
336 |a texto  |b txt  |2 rdacontenido 
337 |a sin mediación  |b n  |2 rdamedio 
338 |a volumen  |b nc  |2 rdasoporte 
502 |a ITESO Tesis de Licenciatura en Ingeniería Industrial 
649 |a XX 
650 |a Ingeniería Industrial 
650 |a Paquetes (Software) 
650 |a Sistemas de Información 
650 |a Tecnologías de Comunicación e Información 
650 |a Informática 
650 |a Ingeniería Computacional 
650 |a Fotografía -  |x Industria y Comercio 
700 |a Partida Fonseca, José Angel  |e (autor) 
910 |a Fondo General 
920 |a Impresos - Tesis del ITESO 
930 |a Colección General 
905 |a 104 
901 |a 0500049939  |b IT2  |c TSS  |u 20250521 
902 |a https://opac.biblio.iteso.mx/vufind/Record/000114163